Online
Catalog

Los derechos de la mujer / (Record no. 7338)

MARC details
000 -CABECERA
campo de control de longitud fija 01706nam a2200349 a 4500
001 - NÚMERO DE CONTROL
campo de control 000007557
005 - FECHA Y HORA DE LA ÚLTIMA TRANSACCIÓN
campo de control 20260330121750.0
008 - DATOS DE LONGITUD FIJA--INFORMACIÓN GENERAL
campo de control de longitud fija 090909s1993 dr ac 001 0 spa d
040 ## - FUENTE DE LA CATALOGACIÓN
Centro catalogador/agencia de origen DO-SdBNP
Lengua de catalogación spa
Centro/agencia transcriptor BNPHU
082 ## - NÚMERO DE LA CLASIFICACIÓN DECIMAL DEWEY
Número de clasificación 323.34
Número de documento/Ítem A185d
100 1# - ENTRADA PRINCIPAL--NOMBRE DE PERSONA
Nombre de persona Acosta de Pérez, Luz Dalis
9 (RLIN) 20975
245 14 - MENCIÓN DE TÍTULO
Título Los derechos de la mujer /
Mención de responsabilidad, etc. Luz Dalis Acosta de Pérez.
260 ## - PUBLICACIÓN, DISTRIBUCIÓN, ETC.
Lugar de publicación, distribución, etc. Santo Domingo :
Nombre del editor, distribuidor, etc. UASD,
Fecha de publicación, distribución, etc. 1993.
300 ## - DESCRIPCIÓN FÍSICA
Extensión 177 p. :
Otras características físicas il., retrs. ;
Dimensiones 22 cm.
490 1# - MENCIÓN DE SERIE
Mención de serie Publicaciones de la Universidad Autónoma de Santo Domingo ;
Designación de volumen o secuencia 728
490 1# - MENCIÓN DE SERIE
Mención de serie Derecho y política ;
Designación de volumen o secuencia 12
500 ## - NOTA GENERAL
Nota general Incluye bibliografía y notas al pie de páginas.
504 ## - NOTA DE BIBLIOGRAFÍA, ETC.
Nota de bibliografía, etc. Bibliografía : p177.
505 0# - NOTA DE CONTENIDO CON FORMATO
Información miscelánea Introducción --
Título Historia del derecho de la mujer --
-- Legislación --
-- Nacionalidad de la mujer --
-- El concubinato o unión libre --
-- Aborto y adulterio --
-- La mujer en el derecho laboral y comercial --
-- Delitos contra la mujer --
-- La mujer a nivel nacional --
-- La mujer a nivel internacional --
-- La mujer en la actualidad --
Información miscelánea Anexos --
-- Bibliografía.
590 ## - NOTA LOCAL (RLIN)
Nota local Inventariado, 2018/BT
650 #4 - PUNTO DE ACCESO ADICIONAL DE MATERIA--TÉRMINO DE MATERIA
Término de materia o nombre geográfico como elemento de entrada Derechos de la mujer
Subdivisión general Historia
9 (RLIN) 20976
650 #4 - PUNTO DE ACCESO ADICIONAL DE MATERIA--TÉRMINO DE MATERIA
Término de materia o nombre geográfico como elemento de entrada Mujeres
Subdivisión general Situación legal
Subdivisión geográfica República Dominicana
9 (RLIN) 6395
650 #4 - PUNTO DE ACCESO ADICIONAL DE MATERIA--TÉRMINO DE MATERIA
Término de materia o nombre geográfico como elemento de entrada Mujeres
Subdivisión general Cuestiones sociales y morales
Subdivisión geográfica República Dominicana
9 (RLIN) 7010
650 #4 - PUNTO DE ACCESO ADICIONAL DE MATERIA--TÉRMINO DE MATERIA
Término de materia o nombre geográfico como elemento de entrada Adopción
9 (RLIN) 20977
650 #0 - PUNTO DE ACCESO ADICIONAL DE MATERIA--TÉRMINO DE MATERIA
Término de materia o nombre geográfico como elemento de entrada Divorcio
9 (RLIN) 1267
650 #0 - PUNTO DE ACCESO ADICIONAL DE MATERIA--TÉRMINO DE MATERIA
Término de materia o nombre geográfico como elemento de entrada Concubinato
9 (RLIN) 20978
650 #4 - PUNTO DE ACCESO ADICIONAL DE MATERIA--TÉRMINO DE MATERIA
Término de materia o nombre geográfico como elemento de entrada Delitos contra la mujer
Subdivisión geográfica República Dominicana
9 (RLIN) 12636
710 1# - PUNTO DE ACCESO ADICIONAL--NOMBRE DE ENTIDAD CORPORATIVA
Nombre de entidad corporativa o nombre de jurisdicción como elemento de entrada Universidad Autónoma de Santo Domingo
9 (RLIN) 72951
830 #0 - PUNTO DE ACCESO ADICIONAL DE SERIE-TÍTULO UNIFORME
Título uniforme Derecho y política ;
Número de parte o sección de la obra 12
9 (RLIN) 20979
830 #0 - PUNTO DE ACCESO ADICIONAL DE SERIE-TÍTULO UNIFORME
Título uniforme Publicaciones de la Universidad Autónoma de Santo Domingo ;
Número de parte o sección de la obra 728
9 (RLIN) 20980
910 ## - DATOS DE OPCIÓN DEL USUARIO (OCLC)
Datos de opción del usuario Validado. Control de calidad. EMS
Holdings
Estado de retiro Estado de pérdida Restricciones de uso No para préstamo Código de colección Localización permanente Ubicación/localización actual Ubicación en estantería Fecha de adquisición Número de inventario Total de préstamos Signatura topográfica completa Código de barras Fecha visto por última vez Número de copia Precio válido a partir de Tipo de ítem Koha
        Dominicana de Servicio General General Depósito 09.09.2009 LF1   323.34 A185d 7557-30 25.06.2020 e.3 25.06.2020 Libro y Folleto Colección Dominicana de Servicio
        Dominicana de Servicio General General Depósito 09.09.2009 LF1   323.34 A185d 7557-40 25.06.2020 e.4 25.06.2020 Libro y Folleto Colección Dominicana de Servicio
        Dominicana de Servicio General General Depósito 09.09.2009 LF1   323.34 A185d 7557-50 25.06.2020 e.5 25.06.2020 Libro y Folleto Colección Dominicana de Servicio
      Excluido de préstamo Patrimonio Dominicano Patrimonio Dominicano Patrimonio Dominicano Depósito 09.09.2009 LF1   323.34 A185d 7557-10 25.06.2020   25.06.2020 Libro y Folleto Colección Patrimonio Dominicano
      Excluido de préstamo Patrimonio Dominicano Patrimonio Dominicano Patrimonio Dominicano Depósito 09.09.2009 LF1   323.34 A185d 7557-20 25.06.2020 e.2 25.06.2020 Libro y Folleto Colección Patrimonio Dominicano

Powered by Koha